000 00526nam a2200181Ia 4500
008 140321s9999 xx 000 0 und d
020 _a9789719919186
050 _aHF 5667
_b.D262 2011
100 _aDatu-Evangelista, Rosalinda
245 _aAuditing theory for students & practice guide for auditors /
_cRosalinda Datu-Evangelista.
250 _a4th ed.
260 _aManila :
_bGIC Enterprises,
_cc2011.
300 _a518 p. :
_c23 cm.
521 _aBSA
650 _aAuditing.
942 _kLOC
_cBK
999 _c48372
_d48372